UM Logo

Doctrina Christiana : (Record no. 24503)

MARC details
000 -LEADER
fixed length control field 00748nam a22001817a 4500
003 - CONTROL NUMBER IDENTIFIER
control field OSt
005 - DATE AND TIME OF LATEST TRANSACTION
control field 20260326152057.0
008 - FIXED-LENGTH DATA ELEMENTS--GENERAL INFORMATION
fixed length control field 260326b |||||||| |||| 00| 0 eng d
040 ## - CATALOGING SOURCE
Transcribing agency 0
082 ## - DEWEY DECIMAL CLASSIFICATION NUMBER
Classification number DPer 907.9 J826 January-December 2016 v.62
100 ## - MAIN ENTRY--PERSONAL NAME
Personal name Crossley, John N.
Relator term author.
9 (RLIN) 70223
245 ## - TITLE STATEMENT
Title Doctrina Christiana :
Remainder of title National Treasure, World Treasure /
Statement of responsibility, etc. John N. Crossley.
260 ## - PUBLICATION, DISTRIBUTION, ETC. (IMPRINT)
Place of publication, distribution, etc. UP, Diliman, Quezon City, Metro Manila, Philippines ;
Name of publisher, distributor, etc. The Philippine National Historical Society, Inc. ,
Date of publication, distribution, etc. January-December 2016.
300 ## - PHYSICAL DESCRIPTION
Extent volume 62, pages 135-161 :
Other physical details illustration ;
Dimensions 24cm.
500 ## - GENERAL NOTE
General note The Journal of History, Vol. 62, Pages 135-161, January-December, 2016
700 ## - ADDED ENTRY--PERSONAL NAME
Personal name Crossley, John N.
Relator term author.
9 (RLIN) 70223
942 ## - ADDED ENTRY ELEMENTS (KOHA)
Source of classification or shelving scheme Dewey Decimal Classification
Koha item type Periodicals

No items available.